Histoire de Napoleón I / (Record no. 157009)

MARC details
000 -LEADER
campo de control de longitud fija 00752nam a2200217 i 4500
001 - NÚMERO DE CONTROL
campo de control 157009
003 - IDENTIFICADOR DE NÚMERO DE CONTROL
campo de control ES-MaACL
005 - FECHA Y HORA DE LA ÚLTIMA TRANSACCIÓN
campo de control 20250808053335.0
008 - DATOS DE LONGITUD FIJA--INFORMACIÓN GENERAL
campo de control de longitud fija 990723m18691875fr |||| |bfre d
040 ## - FUENTE DE CATALOGACIÓN
Centro catalogador/agencia de origen CAM
Lengua de catalogación spa
Centro/agencia transcriptor CAM
100 1# - ENTRADA PRINCIPAL--NOMBRE DE PERSONA
Nombre de persona Lanfrey, Pierre.
9 (RLIN) 69996
245 10 - MENCIÓN DEL TÍTULO
Título Histoire de Napoleón I /
Mención de responsabilidad, etc. par P. Lanfrey.
250 ## - MENCION DE EDICION
Mención de edición 5e éd.
260 ## - PUBLICACIÓN, DISTRIBUCIÓN, ETC.
Lugar de publicación, distribución, etc. Paris :
Nombre del editor, distribuidor, etc. Charpentier libraire-éditeur,
Fecha de publicación, distribución, etc. 1869-1875 (
Fabricante Imp. générale de Ch. Lahure)
300 ## - DESCRIPCIÓN FÍSICA
Extensión 5 v. ;
Dimensiones 18 cm.
595 ## -
-- Tomo 2º, 7ª ed.; t. 3º, 4ª ed.; t. 4º, 3ª ed.; t. 5º, 2ª ed.
600 04 - PUNTO DE ACCESO ADICIONAL DE MATERIA--NOMBRE DE PERSONA
Nombre de persona Napoleón
Numeración I
Títulos y otros términos asociados al nombre , Emperador de Francia.
9 (RLIN) 84910
651 #7 - PUNTO DE ACCESO ADICIONAL DE MATERIA--NOMBRE GEOGRÁFICO
Nombre geográfico Francia-
Subdivisión general Historia-
Subdivisión cronológica 1789-1815
Fuente del encabezamiento o término
9 (RLIN) 163994
852 ## - LOCALIZACIÓN
Ubicación ES-MaACL
Número de control de estantería D-4637-41
Holdings
Estatus retirado Estado de pérdida Estado de daño No para préstamo Colección Biblioteca de origen Biblioteca actual Ubicación en estantería Fecha de adquisición Total de préstamos Signatura topográfica completa Código de barras Visto por última vez Precio de reemplazo Tipo de ítem Koha
        Libros del s. XIX Biblioteca del Ateneo de Madrid Biblioteca del Ateneo de Madrid Sala Valle Inclán 17/01/2008   D-4637-41 901164275 23/02/2023 23/02/2023 Libro impreso antiguo